Public Administration: (Record no. 206519)

MARC details
000 -LEADER
fixed length control field 00567nam a2200193 4500
005 - DATE AND TIME OF LATEST TRANSACTION
control field 20241021143948.0
010 ## - LCCN (DPL NO)
LC control number ENG-142199
020 ## - INTERNATIONAL STANDARD BOOK NUMBER
Terms of availability 995.00
International Standard Book Number 9788181523235
035 ## - SYSTEM CONTROL NUMBER
System control number EN-125731
037 ## - SOURCE OF ACQUISITION
Source of stock number/acquisition DBAD
082 ## - DEWEY DECIMAL CLASSIFICATION NUMBER
Classification number 351
100 ## - MAIN ENTRY--PERSONAL NAME
Personal name Prakash, Anand
245 ## - TITLE STATEMENT
Title Public Administration:
Statement of responsibility, etc by Anand Prakash
Remainder of title Theory and Practice/
250 ## - EDITION STATEMENT
Edition statement First
260 ## - PUBLICATION, DISTRIBUTION, ETC. (IMPRINT)
Place of publication, distribution, etc Jaipur
Name of publisher, distributor, etc Book Enclave
Date of publication, distribution, etc 2013
270 ## - ADDRESS
Address F-11, S.S. Tower, Dhamani Street, Chaura Rasta,
City Jaipur
Postal code 302003
300 ## - PHYSICAL DESCRIPTION
Extent 280p.
Dimensions 22cm(hb)
942 ## - ADDED ENTRY ELEMENTS (KOHA)
Source of classification or shelving scheme Dewey Decimal Classification
Item type English Books
Classification part 351
Call number suffix PRA
Holdings
Withdrawn status Lost status Not for loan Collection code Home library Current library Date acquired Source of acquisition Cost, normal purchase price Full call number Barcode Copy number Cost, replacement price Koha item type
      Non-fiction Bawana Bawana 21/10/2024 DBAD 995.00 351 PRA EN-125731 1 995.00 English Books

© Delhi Public Library
Hit Counter
free hit counter